| 000 | 00384cam a2200157ua 4500 | ||
|---|---|---|---|
| 041 |
_amal _h |
||
| 082 |
_a894.812803 _bKUN/As |
||
| 100 | _aKunhuraman, C V . | ||
| 245 |
_aAsan Smarankal / _cC V Kunhraman. _hTextual Documents |
||
| 250 |
_a1 / _b. |
||
| 260 |
_aKottayam : _bNational Book Stall , _c1965. |
||
| 300 | _a110 ; . | ||
| 504 | _a | ||
| 942 | _cBK | ||
| 999 |
_c3732 _d3732 |
||